000 nam a22 a 4500
999 _c60270
_d60270
003 BLK
005 20220503155659.0
008 180408b bul|||||r ||||||| ||bul||
010 _aKNG00064415000
040 _aBLK
041 _aBUL
_cBUL
080 _aЕлектротехника
_b621.3
_x(075.8)
_z621.3(075.8)
100 _aЦветков, Димчо Николов
_eпърви автор
_9289568
139 _aЦветков, Димчо Николов
245 1 0 _aОбща електротехника
_bУчубник за студентите от ВМЕИ В. И. Ленин - София
_cДимчо Н. Цветков.
257 _aBGR
260 _aСофия
_bТехника
_c1982
_fХасково : печ. Ат. Стратиев
300 _a624 с.
_bсъс сх., табл. диагр.
_c23 см
380 _a62
504 _aБиблиогр. с. 619
650 4 _aЕлектротехника - учебници за ВУЗ
_9243545
653 _aелектротехника
653 _aучебници за ВУЗ
852 _aЦб 117434
_bЦб
942 _cKNG
_n0
_s1
944 _aCR
_c13.06.2004
_kЧиталня
944 _aED
_c2022-05-03
_kГГГ